<?xml version="1.0" encoding="UTF-8"?>
<collection xmlns="http://www.loc.gov/MARC21/slim">
 <record>
  <leader>03886cam a2200733   4500</leader>
  <controlfield tag="001">161534392X</controlfield>
  <controlfield tag="003">DE-627</controlfield>
  <controlfield tag="005">20241206102335.0</controlfield>
  <controlfield tag="007">tu</controlfield>
  <controlfield tag="008">080922s2008    gw |||||      00| ||ger c</controlfield>
  <datafield tag="015" ind1=" " ind2=" ">
   <subfield code="a">08,N37,0923</subfield>
   <subfield code="2">dnb</subfield>
  </datafield>
  <datafield tag="016" ind1="7" ind2=" ">
   <subfield code="a">990132498</subfield>
   <subfield code="2">DE-101</subfield>
  </datafield>
  <datafield tag="020" ind1=" " ind2=" ">
   <subfield code="a">9783050045658</subfield>
   <subfield code="c">Gb. : ca. EUR 79.80</subfield>
   <subfield code="9">978-3-05-004565-8</subfield>
  </datafield>
  <datafield tag="024" ind1="3" ind2=" ">
   <subfield code="a">9783050045658</subfield>
  </datafield>
  <datafield tag="035" ind1=" " ind2=" ">
   <subfield code="a">(DE-627)161534392X</subfield>
  </datafield>
  <datafield tag="035" ind1=" " ind2=" ">
   <subfield code="a">(DE-576)28591698X</subfield>
  </datafield>
  <datafield tag="035" ind1=" " ind2=" ">
   <subfield code="a">(DE-599)DNB990132498</subfield>
  </datafield>
  <datafield tag="035" ind1=" " ind2=" ">
   <subfield code="a">(OCoLC)316023413</subfield>
  </datafield>
  <datafield tag="035" ind1=" " ind2=" ">
   <subfield code="a">(OCoLC)316023413</subfield>
  </datafield>
  <datafield tag="040" ind1=" " ind2=" ">
   <subfield code="a">DE-627</subfield>
   <subfield code="b">ger</subfield>
   <subfield code="c">DE-627</subfield>
   <subfield code="e">rakwb</subfield>
  </datafield>
  <datafield tag="041" ind1=" " ind2=" ">
   <subfield code="a">ger</subfield>
  </datafield>
  <datafield tag="044" ind1=" " ind2=" ">
   <subfield code="c">XA-DE-BE</subfield>
  </datafield>
  <datafield tag="072" ind1=" " ind2="7">
   <subfield code="a">ART 000000</subfield>
   <subfield code="2">bisacsh</subfield>
  </datafield>
  <datafield tag="072" ind1=" " ind2="7">
   <subfield code="a">ART000000</subfield>
   <subfield code="2">bisacsh</subfield>
  </datafield>
  <datafield tag="082" ind1="0" ind2=" ">
   <subfield code="a">306.09</subfield>
   <subfield code="q">SEPA</subfield>
  </datafield>
  <datafield tag="082" ind1="0" ind2="4">
   <subfield code="a">700</subfield>
  </datafield>
  <datafield tag="084" ind1=" " ind2=" ">
   <subfield code="a">9,10</subfield>
   <subfield code="2">ssgn</subfield>
  </datafield>
  <datafield tag="084" ind1=" " ind2=" ">
   <subfield code="a">LM 10140</subfield>
   <subfield code="2">rvk</subfield>
   <subfield code="0">(DE-625)rvk/101004:</subfield>
  </datafield>
  <datafield tag="100" ind1="1" ind2=" ">
   <subfield code="a">Tauber, Christine</subfield>
   <subfield code="d">1967-</subfield>
   <subfield code="0">(DE-588)121722392</subfield>
   <subfield code="0">(DE-627)08149131X</subfield>
   <subfield code="0">(DE-576)182043266</subfield>
   <subfield code="4">aut</subfield>
  </datafield>
  <datafield tag="245" ind1="1" ind2="0">
   <subfield code="a">Manierismus als Herrschaftspraxis</subfield>
   <subfield code="b">Die Kunst der Politik und die Kunstpolitik am Hof von François 1er</subfield>
   <subfield code="c">Christine Tauber</subfield>
  </datafield>
  <datafield tag="250" ind1=" " ind2=" ">
   <subfield code="a">1. Aufl.</subfield>
  </datafield>
  <datafield tag="264" ind1=" " ind2="1">
   <subfield code="a">Berlin</subfield>
   <subfield code="b">Akademie Verlag</subfield>
   <subfield code="c">2008</subfield>
  </datafield>
  <datafield tag="300" ind1=" " ind2=" ">
   <subfield code="a">419 S.</subfield>
   <subfield code="b">75 schw.-w. Ill., 60 farb. Ill.</subfield>
   <subfield code="c">240 mm x 170 mm</subfield>
  </datafield>
  <datafield tag="336" ind1=" " ind2=" ">
   <subfield code="a">Text</subfield>
   <subfield code="b">txt</subfield>
   <subfield code="2">rdacontent</subfield>
  </datafield>
  <datafield tag="337" ind1=" " ind2=" ">
   <subfield code="a">ohne Hilfsmittel zu benutzen</subfield>
   <subfield code="b">n</subfield>
   <subfield code="2">rdamedia</subfield>
  </datafield>
  <datafield tag="338" ind1=" " ind2=" ">
   <subfield code="a">Band</subfield>
   <subfield code="b">nc</subfield>
   <subfield code="2">rdacarrier</subfield>
  </datafield>
  <datafield tag="490" ind1="1" ind2=" ">
   <subfield code="a">Studien aus dem Warburg-Haus</subfield>
   <subfield code="v">10</subfield>
  </datafield>
  <datafield tag="583" ind1="1" ind2=" ">
   <subfield code="a">Archivierung/Langzeitarchivierung gewährleistet</subfield>
   <subfield code="f">SSG</subfield>
   <subfield code="x">XA-DE-BW</subfield>
   <subfield code="2">pdager</subfield>
   <subfield code="5">DE-16</subfield>
  </datafield>
  <datafield tag="689" ind1="0" ind2="0">
   <subfield code="d">p</subfield>
   <subfield code="0">(DE-588)118534947</subfield>
   <subfield code="0">(DE-627)079335160</subfield>
   <subfield code="0">(DE-576)160998301</subfield>
   <subfield code="a">Franz</subfield>
   <subfield code="b">I.</subfield>
   <subfield code="c">Frankreich, König</subfield>
   <subfield code="d">1494-1547</subfield>
   <subfield code="2">gnd</subfield>
  </datafield>
  <datafield tag="689" ind1="0" ind2="1">
   <subfield code="d">s</subfield>
   <subfield code="0">(DE-588)4033639-6</subfield>
   <subfield code="0">(DE-627)106256432</subfield>
   <subfield code="0">(DE-576)209002913</subfield>
   <subfield code="a">Kunstförderung</subfield>
   <subfield code="2">gnd</subfield>
  </datafield>
  <datafield tag="689" ind1="0" ind2="2">
   <subfield code="a">z</subfield>
   <subfield code="2">gnd</subfield>
   <subfield code="a">Geschichte 1515-1547</subfield>
  </datafield>
  <datafield tag="689" ind1="0" ind2=" ">
   <subfield code="5">DE-101</subfield>
  </datafield>
  <datafield tag="689" ind1="1" ind2="0">
   <subfield code="d">p</subfield>
   <subfield code="0">(DE-588)118534947</subfield>
   <subfield code="0">(DE-627)079335160</subfield>
   <subfield code="0">(DE-576)160998301</subfield>
   <subfield code="a">Franz</subfield>
   <subfield code="b">I.</subfield>
   <subfield code="c">Frankreich, König</subfield>
   <subfield code="d">1494-1547</subfield>
   <subfield code="2">gnd</subfield>
  </datafield>
  <datafield tag="689" ind1="1" ind2="1">
   <subfield code="d">s</subfield>
   <subfield code="0">(DE-588)4046514-7</subfield>
   <subfield code="0">(DE-627)104152206</subfield>
   <subfield code="0">(DE-576)209069945</subfield>
   <subfield code="a">Politik</subfield>
   <subfield code="2">gnd</subfield>
  </datafield>
  <datafield tag="689" ind1="1" ind2="2">
   <subfield code="a">z</subfield>
   <subfield code="2">gnd</subfield>
   <subfield code="a">Geschichte 1515-1547</subfield>
  </datafield>
  <datafield tag="689" ind1="1" ind2=" ">
   <subfield code="5">DE-101</subfield>
  </datafield>
  <datafield tag="776" ind1="0" ind2="8">
   <subfield code="i">Erscheint auch als</subfield>
   <subfield code="n">Online-Ausgabe</subfield>
   <subfield code="a">Tauber, Christine, 1967 - </subfield>
   <subfield code="t">Manierismus und Herrschaftspraxis</subfield>
   <subfield code="d">Berlin : De Gruyter, 2009</subfield>
   <subfield code="h">Online-Ressource (V, 452 S.)</subfield>
   <subfield code="w">(DE-627)165944523X</subfield>
   <subfield code="w">(DE-576)416676081</subfield>
   <subfield code="z">9783050088211</subfield>
  </datafield>
  <datafield tag="787" ind1="0" ind2="8">
   <subfield code="i">Rezensiert in</subfield>
   <subfield code="a">Hecht, Christian, 1965 - </subfield>
   <subfield code="t">[Rezension von: Christine Tauber, Manierismus und Herrschaftspraxis. Die Kunst der Politik und die Kunstpolitik am Hof von François Ier]</subfield>
   <subfield code="d">2009</subfield>
   <subfield code="w">(DE-627)1854652427</subfield>
  </datafield>
  <datafield tag="787" ind1="0" ind2="8">
   <subfield code="i">Rezensiert in</subfield>
   <subfield code="a">Ruby, Sigrid, 1968 - </subfield>
   <subfield code="t">[Rezension von: Christine Tauber, Manierismus und Herrschaftspraxis]</subfield>
   <subfield code="d">2011</subfield>
   <subfield code="w">(DE-627)1911114484</subfield>
  </datafield>
  <datafield tag="830" ind1=" " ind2="0">
   <subfield code="a">Studien aus dem Warburg-Haus</subfield>
   <subfield code="v">10</subfield>
   <subfield code="9">10</subfield>
   <subfield code="w">(DE-627)374081204</subfield>
   <subfield code="w">(DE-576)075647133</subfield>
   <subfield code="w">(DE-600)2127979-2</subfield>
   <subfield code="x">2192-0079</subfield>
   <subfield code="7">ns</subfield>
  </datafield>
  <datafield tag="856" ind1="4" ind2="2">
   <subfield code="u">https://swbplus.bsz-bw.de/bsz28591698Xrez-1.htm</subfield>
   <subfield code="m">B:DE-576;DE-16</subfield>
   <subfield code="q">application/pdf</subfield>
   <subfield code="v">20110221172454</subfield>
   <subfield code="x">Verlag</subfield>
   <subfield code="3">Rezension</subfield>
  </datafield>
  <datafield tag="856" ind1="4" ind2="2">
   <subfield code="u">https://swbplus.bsz-bw.de/bsz28591698xrez.htm</subfield>
   <subfield code="m">B:DE-576;DE-16</subfield>
   <subfield code="q">application/pdf</subfield>
   <subfield code="v">20090615084548</subfield>
   <subfield code="x">Verlag</subfield>
   <subfield code="3">Rezension</subfield>
  </datafield>
  <datafield tag="856" ind1="4" ind2="2">
   <subfield code="u">http://bvbr.bib-bvb.de:8991/F?func=service&amp;doc_library=BVB01&amp;doc_number=017038819&amp;line_number=0001&amp;func_code=DB_RECORDS&amp;service_type=MEDIA</subfield>
   <subfield code="m">V:DE-604</subfield>
   <subfield code="q">application/pdf</subfield>
   <subfield code="3">Inhaltsverzeichnis</subfield>
  </datafield>
  <datafield tag="856" ind1="4" ind2="2">
   <subfield code="u">http://www.sehepunkte.de/2011/02/16018.html</subfield>
   <subfield code="m">V:DE-576;X:Sehepunkte</subfield>
   <subfield code="q">text/html</subfield>
   <subfield code="v">20180413100549</subfield>
   <subfield code="3">Rezension</subfield>
  </datafield>
  <datafield tag="936" ind1="r" ind2="v">
   <subfield code="a">LM 10140</subfield>
   <subfield code="b">Renaissance</subfield>
   <subfield code="k">Kunstgeschichte</subfield>
   <subfield code="k">Kunst nach Ländern bzw. Kontinenten</subfield>
   <subfield code="k">Frankreich</subfield>
   <subfield code="k">Französische Kunstgeschichte einzelner Epochen</subfield>
   <subfield code="k">Renaissance</subfield>
   <subfield code="0">(DE-627)1271113333</subfield>
   <subfield code="0">(DE-625)rvk/101004:</subfield>
   <subfield code="0">(DE-576)201113333</subfield>
  </datafield>
  <datafield tag="951" ind1=" " ind2=" ">
   <subfield code="a">BO</subfield>
  </datafield>
  <datafield tag="990" ind1=" " ind2=" ">
   <subfield code="a">Franz &lt;I., Frankreich, König&gt; </subfield>
  </datafield>
  <datafield tag="990" ind1=" " ind2=" ">
   <subfield code="a">Kunstförderung</subfield>
  </datafield>
  <datafield tag="990" ind1=" " ind2=" ">
   <subfield code="a">Geschichte 1515-1547</subfield>
  </datafield>
  <datafield tag="990" ind1=" " ind2=" ">
   <subfield code="a">Franz &lt;I., Frankreich, König&gt; </subfield>
  </datafield>
  <datafield tag="990" ind1=" " ind2=" ">
   <subfield code="a">Politik</subfield>
  </datafield>
  <datafield tag="990" ind1=" " ind2=" ">
   <subfield code="a">Geschichte 1515-1547</subfield>
  </datafield>
  <datafield tag="991" ind1=" " ind2=" ">
   <subfield code="a">Rezensiertes Werk</subfield>
  </datafield>
  <datafield tag="999" ind1=" " ind2=" ">
   <subfield code="a">KXP-PPN161534392X</subfield>
   <subfield code="e">4396489471</subfield>
  </datafield>
 </record>
</collection>
